Il coraggio di Grace : Donne nigeriane dalla prostituzione alla libertà
সংরক্ষণ করুন:
| প্রধান লেখক: | |
|---|---|
| বিন্যাস: | গ্রন্থ |
| ভাষা: | ইংরেজি |
| প্রকাশিত: |
Roma
Prospettiva
2003
|
| ট্যাগগুলো: |
কোনো ট্যাগ নেই, প্রথমজন হিসাবে ট্যাগ করুন!
|
MARC
| LEADER | 00000nam a2200000 4500 | ||
|---|---|---|---|
| 005 | 20231122231557.0 | ||
| 008 | 231122b |||||||| |||| 00| 0 eng d | ||
| 020 | |a 8880220950 | ||
| 040 | |c C | ||
| 100 | |a Adarabioyo, Ibironke | ||
| 245 | |a Il coraggio di Grace |b : Donne nigeriane dalla prostituzione alla libertà | ||
| 260 | |a Roma |b Prospettiva |c 2003 | ||
| 942 | |2 ddc |c BK |n 0 | ||
| 952 | |0 0 |1 0 |2 ddc |4 0 |6 362_370000000000000_ADA_COR |7 1 |9 322 |a GE |b GE |d 2015-03-08 |l 0 |o 362.37 ADA COR |p 2251 |r 2023-11-22 23:16:39 |w 2023-11-22 |y BK | ||
| 999 | |c 232 |d 232 | ||